Statistics for NBA Teams by City

Click here to take the quiz!

General Stats

  • This quiz has been taken 22,630 times
    (22,617 since last reset)
  • The average score is 29 of 30

Answer Stats

CityTeam% Correct
ChicagoBulls
99%
BostonCeltics
99%
AtlantaHawks
99%
CharlotteHornets
99%
BrooklynNets
99%
ClevelandCavaliers
98%
Los Angeles (L)Lakers
98%
DenverNuggets
98%
Golden StateWarriors
98%
Los Angeles (C)Clippers
97%
MiamiHeat
97%
DallasMavericks
97%
IndianaPacers
97%
DetroitPistons
97%
HoustonRockets
97%
MilwaukeeBucks
96%
New YorkKnicks
95%
Oklahoma CityThunder
95%
Philadelphia76ers
94%
MemphisGrizzlies
94%
OrlandoMagic
94%
New OrleansPelicans
94%
PhoenixSuns
94%
MinnesotaTimberwolves
94%
SacramentoKings
92%
San AntonioSpurs
92%
PortlandTrail Blazers
92%
UtahJazz
91%
TorontoRaptors
91%
WashingtonWizards
89%

Score Distribution

Percentile by Number Answered

Percent of People with Each Score

Your Score History

You have not taken this quiz since the last reset